Szczegóły MARC
| 000 -ETYKIETA REKORDU |
| podpole kontrolne o stałej długości |
02471nam a2200529 i 4500 |
| 001 - NUMER KONTROLNY REKORDU |
| pole kontrolne |
47201 |
| 003 - IDENTYFIKATOR NUMERU KONTROLNEGO REKORDU |
| podpole kontrolne |
KOSZ 005 |
| 005 - DATA OSTATNIEJ MODYFIKACJI REKORDU |
| podpole kontrolne |
20210201103114.0 |
| 008 - POLE O STAŁEJ DŁUGOŚCI - DANE KONTROLNE |
| podpole kontrolne o stałej długości |
981030s1987 pl a f |100 0 pol |
| 015 ## - NUMER BIBLIOGRAFII NARODOWEJ |
| Numer bibliografii narodowej |
PB 1987/5089 |
| 040 ## - ŹRÓDŁO KATALOGOWANIA |
| Instytucja, która sporządziła opis |
WA N |
| Instytucja, która utworzyła rekord |
WA N |
| Instytucja, która dokonała modyfikacji |
KOSZ 005/HR |
| 041 0# - KOD JĘZYKA |
| Kod języka tekstu |
pol |
| Kod języka streszczenia lub abstraktu |
ger |
| 046 ## - DATY KODOWANE |
| Pojedyncza data lub początek okresu powstania dzieła lub zbioru dzieł |
1987 |
| 080 ## - UNIWERSALNA KLASYFIKACJA DZIESIĘTNA - UKD |
| UKD |
628.1/.8 |
| 080 ## - UNIWERSALNA KLASYFIKACJA DZIESIĘTNA - UKD |
| UKD |
(06) |
| 245 00 - TYTUŁ/ODPOWIEDZIALNOŚĆ |
| Tytuł |
II Ogólnopolska konferencja naukowa na temat Kompleksowe i szczegółowe problemy inżynierii środowiska : |
| Ciąg dalszy tytułu |
zbiór referatów. |
| Oznaczenie części/sekcji dzieła |
Z. 9 - monotematyczny, |
| Tytuł części/sekcji dzieła |
Badania modelowe toksyczności słonych wód kopalnianych na organizm wskaźnikowy / |
| Pozostałe elementy strefy tytułu i oznaczenia odpowiedzialności |
aut. Maria Wójcik-Szwedzińska, Zdzisław Bialik ; Instytut Inżynierii Sanitarnej. Politechnika Częstochowska ; [red. nacz. Tadeusz Piecuch]. |
| 246 15 - WARIANT TYTUŁU |
| Tytuł |
Polnische wissenschaftliche Konferenz zum Thema Komplex -und Detailprobleme der Umweltschutz, 2. |
| 246 15 - WARIANT TYTUŁU |
| Tytuł |
Modelluntersuchungen der toxischen Wirkung der salzhaltigen Grubenwässer gegen Indikatororganismen. |
| 246 15 - WARIANT TYTUŁU |
| Tytuł |
Kompleksowe i szczegółowe problemy inżynierii środowiska |
| 246 15 - WARIANT TYTUŁU |
| Tytuł |
Badania modelowe toksyczności słonych wód kopalnianych na organizm wskaźnikowy |
| 260 ## - STREFA ADRESU WYDAWNICZEGO |
| Miejsce wydania |
Częstochowa ; |
| -- |
Ustronie Morskie : |
| Nazwa wydawcy/dystrybutora |
PC, |
| Data publikacji, dystrybucji/powstania dokumentu |
1987. |
| 300 ## - STREFA OPISU FIZYCZNEGO |
| Objętość |
66 s. : |
| Inne cechy fizyczne |
rys. ; |
| Rozmiary |
24 cm. |
| 336 ## - TYP ZAWARTOŚCI |
| Źródło (terminu i kodu) |
rdacontent |
| Termin opisujący typ zawartości |
Tekst |
| Kod określający zawartość |
txt |
| 337 ## - TYP MEDIÓW |
| Źródło (terminu i kodu) |
rdamedia |
| Tryb odtwarzania |
Bez urządzenia pośredniczącego |
| Kod typu mediów |
n |
| 338 ## - TYP/RODZAJ NOŚNIKA |
| Źródło (terminu i kodu) |
rdacarrier |
| Hasło opisujące typ nośnika |
Wolumin |
| Kod typu nośnika |
nc |
| 380 ## - FORMA I TYP PUBLIKACJI |
| Forma i typ publikacji |
Książki |
| 380 ## - FORMA I TYP PUBLIKACJI |
| Forma i typ publikacji |
Publikacje naukowe |
| 388 ## - CZAS POWSTANIA |
| Czas powstania |
1901-2000 |
| 388 ## - CZAS POWSTANIA |
| Czas powstania |
1945-1989 |
| 500 ## - UWAGI OGÓLNE |
| Tekst uwagi |
Tyt. równol :II Polnische wissenschaftliche Konferenz zum Thema Komplex - und Detailprobleme der Umweltschutz ; Modelluntersuchungen der toxischen Wirkung der salzhaltigen Grubenwässer gegen Indikatororganismen. |
| 504 ## - UWAGA DOTYCZĄCA BIBLIOGRAFII |
| Informacje o bibliografii |
Bibliogr. przy ref. |
| 546 ## - UWAGA O JĘZYKU |
| Uwaga o języku |
Spis treści także niem. |
| 650 #4 - HASŁO PRZEDMIOTOWE W FORMIE NAZWY OGÓLNEJ LUB JEDNOSTKOWEJ |
| Nazwa ogólna lub geograficzna |
Woda |
| 650 #4 - HASŁO PRZEDMIOTOWE W FORMIE NAZWY OGÓLNEJ LUB JEDNOSTKOWEJ |
| Nazwa ogólna lub geograficzna |
Kontrola jakości |
| 650 #4 - HASŁO PRZEDMIOTOWE W FORMIE NAZWY OGÓLNEJ LUB JEDNOSTKOWEJ |
| Nazwa ogólna lub geograficzna |
Węgiel kamienny |
| 650 #4 - HASŁO PRZEDMIOTOWE W FORMIE NAZWY OGÓLNEJ LUB JEDNOSTKOWEJ |
| Nazwa ogólna lub geograficzna |
Górnictwo |
| 650 #4 - HASŁO PRZEDMIOTOWE W FORMIE NAZWY OGÓLNEJ LUB JEDNOSTKOWEJ |
| Nazwa ogólna lub geograficzna |
Wpływ na środowisko |
| 650 #4 - HASŁO PRZEDMIOTOWE W FORMIE NAZWY OGÓLNEJ LUB JEDNOSTKOWEJ |
| Nazwa ogólna lub geograficzna |
Inżynieria środowiska |
| 655 #4 - TERMIN INDEKSOWY - OKREŚLENIE RODZAJU/FORMY DOKUMENTU |
| Określenie rodzaju/formy dokumentu |
Materiały konferencyjne |
| 658 ## - TERMIN INDEKSOWY - PRZEDMIOT PROGRAMU NAUCZANIA |
| Główny przedmiot programu nauczania |
Ochrona środowiska |
| 658 ## - TERMIN INDEKSOWY - PRZEDMIOT PROGRAMU NAUCZANIA |
| Główny przedmiot programu nauczania |
Inżynieria i technika |
| 700 1# - HASŁO DODATKOWE - NAZWA OSOBOWA |
| Nazwa osobowa |
Piecuch, Tadeusz |
| Daty związane z nazwą |
(1946-2018) |
| Określenie związku między hasłem a opisywanym materiałem |
Redakcja |
| 700 1# - HASŁO DODATKOWE - NAZWA OSOBOWA |
| Nazwa osobowa |
Wójcik-Szwedzińska, Maria. |
| Określenie związku między hasłem a opisywanym materiałem |
Autor |
| 700 1# - HASŁO DODATKOWE - NAZWA OSOBOWA |
| Nazwa osobowa |
Bialik, Zdzisław |
| Określenie związku między hasłem a opisywanym materiałem |
Autor |
| 856 ## - LOKALIZACJA I DOSTĘP DO ELEKTRONICZNYCH DOKUMENTÓW ZDALNYCH |
| Link (URL) |
http://koha.tu.koszalin.pl/cgi-bin/koha/opac-detail.pl?biblionumber=47201 |
| Tekst linku |
Katalog online BPK |
| 942 ## - DODATKOWE ELEMENTY (KOHA) |
| Schemat klasyfikacji |
Uniwersalna Klasyfikacja Dziesiętna |
| Typ dokumentu |
Książka |